| 000 | 00592nam a2200217 i 4500 | ||
|---|---|---|---|
| 001 | bgj | ||
| 100 | 1 | _aKOTTAK, Conrad Philip. | |
| 245 | 1 | 0 |
_aCultural anthropology / _cConrad Philip Kottak. |
| 250 | _a5th ed. | ||
| 260 |
_aNew York [etc.] : _bMcGraw-Hill, Inc., _ccop. 1991. |
||
| 300 |
_aXXVI, 396 pp : _bphotos, ill., maps ; _c26 cm. |
||
| 504 | _aBibliography p. 363-380. | ||
| 505 | _aIncludes index. | ||
| 650 | 9 | _aEthnology | |
| 020 | _a0070356157 | ||
| 040 | _cBPK | ||
| 041 | 0 | _aeng | |
| 920 | _a0-07-035615-7 | ||
| 942 | _cKS | ||
| 008 | s uk f |000 0 eng | ||
| 999 |
_c47711 _d47711 |
||
| 856 |
_uhttp://koha.tu.koszalin.pl/cgi-bin/koha/opac-detail.pl?biblionumber=47711 _yKatalog online BPK |
||